Diccionario de los infiernos
Saved in:
| Hovedforfatter: | |
|---|---|
| Format: | Bog |
| Sprog: | spansk |
| Udgivet: |
Buenos Aires
Santiago Rueda
1969
|
| Fag: | |
| Tags: |
Tilføj Tag
Ingen Tags, Vær først til at tagge denne postø!
|
MARC
| LEADER | 00000nam a2200000 a 4500 | ||
|---|---|---|---|
| 001 | UCZ3476 | ||
| 003 | CL-VaPUC | ||
| 008 | 951020e19690000AG |||||||||||||||||spa|d | ||
| 082 | 0 | 4 | |a 236.2503 |b COL |2 21 |
| 100 | 0 | |a Collin de Planci, Santiago |e author |9 347240 | |
| 245 | 1 | 0 | |a Diccionario de los infiernos |
| 300 | |a 142 p | ||
| 942 | |c BK | ||
| 945 | |d 19951020 00:00:00 |a aalvarez | ||
| 260 | |a Buenos Aires |b Santiago Rueda |c 1969 | ||
| 650 | 7 | |a DEMONIOS |2 CL-VaPUC |9 347241 | |
| 650 | 0 | |a Diccionarios |9 256200 | |
| 650 | 0 | |a Español |9 255372 | |
| 650 | 7 | |a INFIERNO |2 CL-VaPUC |9 314403 | |
| 583 | |a last modification |c 19951020 00:00:00 |k Rodrigo Vera | ||
| 999 | |c 239948 |d 239946 | ||
| 952 | |0 0 |1 0 |4 0 |6 236_250300000000000_COL_1969 |7 0 |8 F |9 251504 |a BIBTEO |b BIBTEO |d 2019-11-18 |i 2020629 |o 236.2503 COL 1969 |p 2020629 |r 2025-01-17 |w 2019-11-18 |y BK_F |k ICR | ||